00431nam a22001457a 4500999001900000005001700019010001700036020002600053037003100079245002900110260005000139270005000189300002900239942001700268 c196214d19621420230607112628.0 aCHEN 25.5.23 a9788131942079c495.00 bB.Jain Publishers (P) Ltd. aHuman Body:b500 Facts / aNoida, U.P.bB.Jain Publishers (P) Ltd.c202? aD-157, Sector 63, Noida bNoida, U.P.e201307 a192p.bcol.illc24cm(Hb) 2ddccCHmHUM